000 00585nam a2200229Ia 4500
003 OSt
005 20220924142812.0
006 a|||||r|||| 00| 0
007 ta
008 ASM
024 _a303369
037 _cTextual
040 _aARTS
_cARTS
_bASM
041 _2ASM
_aASM
082 _aO158xM64w,1, K9.1
100 _aBezbaroa Prajnasundari Devi
_9214099
245 0 _aBejbaruwar dinalekha
260 _c1969
650 _aASSAMESE LITERATURE
_911738
942 _hO158xM64w,1, K9.1
_cTEXL
_2CC
999 _c452028
_d452028